000 00910nam0a22002531 4500
001 rc\664769
005 20260406193940.0
035 _a(NLR Aleph) 005903748
090 _a6304169
_c6304169
100 _a20031121d1986 |||y0rusy50 ca
101 0 _arus
102 _aRU
105 _ay |||||||||
200 1 _aКАТАЛОГ кандидатских и докторских диссертаций, хранящихся в фондах библиотек Туркменской ССР
_fГос. б-ка ТССР им. Карла Маркса
210 _aАшхабад
_cБ. и.
_d1986
215 _a318 с.
_d19
712 0 2 _aТуркменская библиотека им. Карла Маркса
_cАшхабад
_3RU\NLR\AUTH\889956869
_9409864
801 0 _aRU
_bNLR
_gpsbo
801 1 _aRU
_bELAR
_2rusmarc
852 _aNLR
_bОНЛ
852 _aNLR
_jОНЛ
942 _cBOOK
980 _aNB